00687nam a2200241 a 4500001001300000003000900013005001700022008004100039020002300080082001800103100001500121245003600136260003500172300000900207500003500216505001000251650001800261700001500279902000800294942000700302952011900309999001700428nice12345678IN_TiNIC20260116014430.0050524s2003 cala grp 000 0 eng  a8170467 c52500a306.0954bLAL aLal, Vinay aOf Cricket, Guinness and Gandhi aCalcuttabSeagull Books c2003 a223p aincludes index and biblioraphy2 aIndex aIndia-Culture1 aLal, Vinay bSRS cBK 001040708StackRoom-aHMIbHMId2007-04-04g525.00l0o306.0954 LALp020523r2007-04-04v525.00w2005-05-24yBK c15278d15278